[Event "FAI-chT3 1718"]
[Site "Faroe Islands"]
[Date "2018.01.07"]
[Round "3.2"]
[White "Skuvadal, Frodi"]
[Black "Nielsen, Allan"]
[Result "0-1"]
[WhiteElo "1635"]
[BlackElo "1572"]
[PlyCount "42"]
[EventDate "2017.10.22"]
[EventType "team-tourn"]
[EventRounds "9"]
[EventCountry "FAI"]
[SourceTitle "EXT 2020"]
[Source "ChessBase"]
[SourceDate "2019.10.17"]
[SourceVersion "1"]
[SourceVersionDate "2019.10.17"]
[SourceQuality "1"]
[WhiteTeam "Vestmanna II"]
[BlackTeam "Sandavagur IV"]
[WhiteTeamCountry "FAI"]
[BlackTeamCountry "FAI"]

1. e4 e5 2. Nf3 Nc6 3. Bc4 Nf6 4. Ng5 d5 5. exd5 Nxd5 6. Nxf7 Kxf7 7. Qf3+ Ke6 8. Nc3 Nce7 9. 0-0 c6 10. Re1 Kd6 11. Ne4+ Kc7 12. d4 Ng6 13. dxe5 b5 14. Bb3 Nxe5 15. Qg3 Qe8 16. Ng5 Bd6 17. f4 Ng4 18. Rxe8 Rxe8 19. Bd2 Bc5+ 20. Be3 Rxe3 21. Qxe3 Ndxe3 0-1